000 00923nas a2200301 4500
001 BR0204709
003 BR-BrBNA
005 20231205103239.0
007 ta
008 230509b bl.|||p| |||| 00| 00por d
040 _aBR-BrBNA
_bpor
_cBiblioteca Nacional de Agricultura
041 _a(Pt)
072 _aH10; E50
100 1 _aEleotério, E.S. da R.
100 1 _aBerti Filho, E.
245 1 _aLevantamento e identificação de cupins (Insecta: Isoptera)em área urbana de Piracicaba - SP
650 _aCUPIM
650 _aINFESTAÇÃO
650 _aURBANIZAÇÃO
650 _aCONTROLE INTEGRADO
650 _aANÁLISE ESTATÍSTICA
650 _aLEVANTAMENTO POPULACIONAL
650 _aIDENTIFICAÇÃO
650 _aSÃO PAULO
773 0 _tCiência Florestal (Brazil)
_xISSN 0103-9954
_g(Jun 2000), v. 10(1) p. 125-139
_wBR0204709
909 _a202311
_bLúcia
_c55
_dLúcia Elande
942 _2AGRIS
_n0
_cANA
999 _c171867
_d171867